The government of Canada

Saved in:
Bibliografiske detaljer
Hovedforfatter: Dawson, R. MacGregor (Author)
Format: Bog
Sprog:engelsk
Udgivet: Toronto University of Toronto 1963
Udgivelse:4a. ed
Serier:Canadian Government Series
Fag:
Tags: Tilføj Tag
Ingen Tags, Vær først til at tagge denne postø!

MARC

LEADER 00000nam a2200000 a 4500
001 UCT7846
003 CL-VaPUC
008 970317e19630000CN |||||||||||||||||eng|d
082 0 4 |a 320.471  |b DAW  |2 21 
100 0 |a Dawson, R. MacGregor  |e author  |9 379061 
245 1 4 |a The government of Canada 
250 |a 4a. ed 
300 |a 610 p 
942 |c BK 
945 |d 19970317 00:00:00  |a paguirre 
260 |a Toronto  |b University of Toronto  |c 1963 
650 0 |a Gobierno   |9 255508 
650 0 |a Constituciones  |9 255417 
650 0 |a Poder político  |9 255509 
650 0 |a Poder ejecutivo  |9 255177 
650 0 |a Administración pública   |9 255343 
650 0 |a Poder legislativo  |9 258808 
650 7 |a CAMARA ALTA  |2 CL-VaPUC  |9 338612 
650 0 |a Parlamento  |9 338611 
650 0 |a Partidos políticos  |9 254999 
650 7 |a PARTICIPACION POLITICA  |2 CL-VaPUC  |9 379062 
651 7 |a CANADA  |2 CL-VaPUC  |9 379063 
583 |a last modification  |c 19970317 00:00:00  |k Rodrigo Vera 
490 0 |a Canadian Government Series 
999 |c 256393  |d 256391 
952 |0 0  |1 0  |4 0  |6 320_471000000000000_DAW_1963  |7 0  |8 P  |9 279103  |a BIBDER  |b BIBDER  |d 2019-11-19  |i 1808443  |o 320.471 DAW 1963  |p 1808443  |r 2023-01-25  |w 2019-11-19  |y BK  |k DER